| 000 | 00632nam a22002177a 4500 | ||
|---|---|---|---|
| 999 |
_c5936 _d5936 |
||
| 001 | 20950 | ||
| 003 | BD-DhUAP | ||
| 005 | 20210103142910.0 | ||
| 008 | 201222r19732012bg a b 001 0 eng | ||
| 040 |
_aDNLM/DLC _cDLC _dBD-DhUAP _beng |
||
| 082 | 0 | 0 |
_a620.11 AZI _223 |
| 100 | _aAziz, M. A. | ||
| 245 |
_aA textbook of engineering materials / _cM. A. Aziz. |
||
| 250 | _a1st ed. | ||
| 260 |
_aDhaka : _bHafiz book centre, _cc1973 [Reprinted 2012]. |
||
| 300 |
_a336 pages : _billustrations ; _c22 cm. |
||
| 504 | _aIncludes bibliographies and index. | ||
| 650 | _aMaterials. | ||
| 650 | _aEngineering materials. | ||
| 942 |
_2ddc _cBK |
||